000 00470nmm a2200157Ia 4500
008 251105s9999||||xx |||||||||||||||||und||
041 _aspa
100 _aPardo Bazán, Emilia
245 0 _aLa literatura francesa moderna: el Romanticismo
264 _a[Madrid, España] :
_bLinkgua,
_c2017
300 _a247 páginas
490 _aPensamiento
650 _aFrench Literature and language
856 _uhttps://public.digitaliapublishing.com/a/55364
942 _cCF
999 _c100420
_d100420